000 01283cam a22003615a 4500
999 _c7004
_d7004
003 EG-ScBUE
005 20191204120734.0
008 180828r20062000enk f d 000 0 mul d
020 _a0199298521
020 _a9780199298525
040 _aEG-SCBUE
_beng
_cEG-SCBUE
_dEG-SCBUE
041 0 _ajpn
_aeng
082 0 4 _a495.6321
_bOXF
_222
100 _a
245 0 0 _aOxford beginner's Japanese dictionary /
_cedited by Jonathan Bunt, Gillian Hall.
250 _aReprint edition.
264 1 _aOxford ;
_aNew York :
_bOxford University Press,
_c2006.
300 _axvi, 464 pages ;
_c20 cm
336 _2rdacontent
_atext
_btxt
337 _2rdamedia
_aunmediated
_bn
338 _2rdacarrier
_avolume
_bnc
500 _aFirst published as The Oxford starter Japanese dictionary 2000.
500 _aIncludes appendices.
546 _aText in Japanese and English.
650 7 _aJapanese language
_vDictionaries
_xEnglish.
_2BUEsh
650 7 _aEnglish language
_vDictionaries
_xJapanese.
_2BUEsh
653 _bHHUUEENN
_cAugust2018
655 _vReading book
700 1 _aBunt, Jonathan,
_eeditor.
700 1 _aHall, Gillian,
_eeditor.
856 4 2 _3Publisher description
_uhttp://www.loc.gov/catdir/enhancements/fy0725/2006046440-d.html
942 _2ddc
_cREFERENCE